000 00290nam a22001337a 4500
008 181001b xxu||||| |||| 00| 0 eng d
020 _a9780132277532
041 _aeng
080 _212 ED
_a572
100 _a24
101 _aANT
245 _aAntropology
_cEmber.C.R
942 _2udc
_cBK
999 _c48715
_d48715